ՀՀ Գիտությունների ազգային ակադեմիայի հիմնարար գիտական գրադարան  =   Fundamental Scientific Library of NAS RA

Сочинения Платона, переведенные с греческого и объясненные профессором Карповым (Record no. 438279)

MARC details
000 -LEADER
fixed length control field 02069nam a2200265 a 4500
003 - CONTROL NUMBER IDENTIFIER
control field AM-YeHGA
040 ## - CATALOGING SOURCE
Original cataloging agency AM-YeHGA
090 ## - LOCALLY ASSIGNED LC-TYPE CALL NUMBER (OCLC); LOCAL CALL NUMBER (RLIN)
-- 441004
005 - DATE AND TIME OF LATEST TRANSACTION
control field 20250617155741.0
008 - FIXED-LENGTH DATA ELEMENTS--GENERAL INFORMATION
fixed length control field 120523m18631879 |||||r|||||000|0|rus||
041 1# - LANGUAGE CODE
Language code of text/sound track or separate title rus
Language code of original gre
100 0# - MAIN ENTRY--PERSONAL NAME
Personal name Платон,
Dates associated with a name 427-347 до н.э.
245 00 - TITLE STATEMENT
Title Сочинения Платона, переведенные с греческого и объясненные профессором Карповым
246 13 - VARYING FORM OF TITLE
Title proper/short title Сочиненiя Платона, переведенныя съ греческаго и объясненныя профессором Карповымъ.
250 ## - EDITION STATEMENT
Edition statement 2-е изд., испр. и доп.
260 ## - PUBLICATION, DISTRIBUTION, ETC.
Place of publication, distribution, etc. Санкт-Петербург :
-- Москва :
Name of publisher, distributor, etc. В тип. духов. журн. "Странник",
-- Синод. тип.,
Date of publication, distribution, etc. 1863-1879.
300 ## - PHYSICAL DESCRIPTION
Extent часть ;
Dimensions 25 см.
505 00 - FORMATTED CONTENTS NOTE
Miscellaneous information Ч. 1 (1863, XXX, [2], 448, [1] с.) :
Title Протагор; Эвтидем; Лахес; Хармид; Иппиас; Эвтифрон; Апология Сократа
Miscellaneous information Ч. 2 (1863, 486 с.) :
Title Критон; Федон; Менон; Горгиас; Алкивиад первый; Алкивиад второй
Miscellaneous information Ч. 3 (1863, [4], 532 с.) :
Title Политика или Государство
Miscellaneous information Ч. 4 (1863, [4], 470 с.) :
Title Федр; Пир; Лизис; Иппиас больший; Менексен; Ион; Феаг; Соперники; Иппарх; Клитофон
Miscellaneous information Ч. 5 (Москва : Синод. тип., 1879, [4], II, 574, [1] с.) :
Title Филеб; Кратил; Теэтет; Софист
Miscellaneous information Ч. 6 (Москва : Синод. тип., 1879, [4], 578, II с.) :
Title Политик; Парменид; Тимей; Критиас; Минос; Эриксиас
650 14 - SUBJECT ADDED ENTRY--TOPICAL TERM
Topical term or geographic name entry element Философия
General subdivision История философии
650 14 - SUBJECT ADDED ENTRY--TOPICAL TERM
Topical term or geographic name entry element Античная философия
650 14 - SUBJECT ADDED ENTRY--TOPICAL TERM
Topical term or geographic name entry element Философия Древней Греции
653 0# - INDEX TERM--UNCONTROLLED
Uncontrolled term Идеализм Платона
700 1# - ADDED ENTRY--PERSONAL NAME
Personal name Карпов, Василий Николаевич
Relator term пер.
Relationship trl
942 ## - ADDED ENTRY ELEMENTS (KOHA)
Source of classification or shelving scheme Universal Decimal Classification
Koha item type Գրքեր / Books
Holdings
Withdrawn status Lost status Source of classification or shelving scheme Damaged status Not for loan Collection Home library Current library Date acquired Serial enumeration / chronology Total checkouts Full call number Barcode Date last seen Price effective from Koha item type Public note
    Universal Decimal Classification     General Fundamental Scientific Library Fundamental Scientific Library 01/10/2019 Ч. 6   PII/17876 FL0604011 01/10/2019 01/10/2019 Գրքեր / Books 30 Days Loan


ՀՀ ԳԱԱ հիմնարար գիտական գրադարան
ՀՀ,Երևան 0019
Մարշալ Բաղրամյան 24/6
հեռախոս:(374-10) 52-47-50
Հետադարձ կապ

All site content, except where otherwise noted, is licensed under a
Creative Commons License